| 000 | 00391nam a22001337a 4500 | ||
|---|---|---|---|
| 041 | _aENG | ||
| 100 | _aIS;6283 | ||
| 245 | _aTractors and Machinery for Agriculture and Forestry,Powered Lawn and Garden Equipment Symbols for Operator Controls and Other Displays part-2 | ||
| 250 | _a1st | ||
| 260 |
_aNew Delhi _bBIS _c1998 |
||
| 300 | _a24 | ||
| 650 | _aBIS Test Code | ||
| 856 | _uBIS Test Code | ||
| 999 |
_c2002 _d2002 |
||